[Event "AUT-ch Vor4 Internet"]
[Site "Playchess.com INT"]
[Date "2020.04.25"]
[Round "3"]
[White "Ardelt, Hannes"]
[Black "Jeitler, Selina"]
[Result "0-1"]
[WhiteElo "1732"]
[BlackElo "1201"]
[PlyCount "80"]
[EventDate "2020.04.25"]
[EventType "swiss (blitz)"]
[EventRounds "9"]
[EventCountry "AUT"]
[SourceTitle "EXT 2021"]
[Source "ChessBase"]
[SourceDate "2020.10.23"]
[SourceVersion "1"]
[SourceVersionDate "2020.10.23"]
[SourceQuality "1"]

1. b4 Nf6 2. Bb2 g6 3. e3 Bg7 4. Nf3 0-0 5. b5 a6 6. a4 axb5 7. axb5 Rxa1 8. Bxa1 c6 9. c4 Qa5 10. Bc3 Qb6 11. Be2 d5 12. Qb3 Be6 13. d3 dxc4 14. dxc4 Ne4 15. 0-0 Nc5 16. Qc2 Bf5 17. Qb2 Na4 18. Qb3 Nc5 19. Qb2 Na4 20. Qa3 Nxc3 21. Nxc3 Nd7 22. Na4 Qa7 23. Qb3 cxb5 24. cxb5 Nc5 25. Nxc5 Qxc5 26. Qc4 Qb6 27. e4 Be6 28. Qb4 Rc8 29. Qxe7 Bf8 30. Qg5 Bc4 31. Bxc4 Rxc4 32. Qh4 Qxb5 33. Ng5 h6 34. Nf3 Qc6 35. Nd2 Rd4 36. Qf4 b5 37. f3 Qc5 38. Kh1 b4 39. Nb3 Qc4 40. Nxd4 Qxf1# 0-1

[Event "AUT-ch Vor3 Internet"]
[Site "Playchess.com INT"]
[Date "2020.04.17"]
[Round "7"]
[White "Haemmerle, Dietmar"]
[Black "Ardelt, Hannes"]
[Result "0-1"]
[WhiteElo "1762"]
[BlackElo "1732"]
[PlyCount "150"]
[EventDate "2020.04.17"]
[EventType "swiss (blitz)"]
[EventRounds "9"]
[EventCountry "AUT"]
[SourceTitle "CBM 195 Extra"]
[Source "ChessBase"]
[SourceDate "2020.05.31"]
[SourceVersion "1"]
[SourceVersionDate "2020.05.31"]
[SourceQuality "1"]

1. e4 g6 2. Nf3 Bg7 3. Bc4 e6 4. d4 Ne7 5. Nc3 0-0 6. 0-0 b6 7. e5 Bb7 8. Be3 d6 9. exd6 cxd6 10. Qd2 d5 11. Bb3 Nf5 12. Rfe1 Nxe3 13. Qxe3 Nc6 14. Ne2 Qf6 15. c3 a6 16. Ng3 Qd8 17. a3 a5 18. Rac1 b5 19. Bc2 a4 20. Rcd1 Na5 21. Qe2 Ba6 22. Bd3 Nc4 23. Ne5 Nxe5 24. dxe5 Qb6 25. h3 Rfb8 26. Kh2 Qc6 27. f4 Qc5 28. Qe3 Qxe3 29. Rxe3 Bh6 30. Rf3 Bg7 31. Rf2 Rc8 32. Rdd2 Rab8 33. h4 Rc7 34. h5 Bc8 35. hxg6 hxg6 36. Nf1 Kf8 37. g4 Ke7 38. Kg3 Bd7 39. Rh2 Rcc8 40. Rh7 Rg8 41. Rdh2 Rbc8 42. Ne3 Kd8 43. f5 gxf5 44. gxf5 exf5 45. Kf3 Bxe5 46. Rg2 Rxg2 47. Kxg2 Be6 48. Nxf5 Bxf5 49. Bxf5 Rc7 50. Kf3 Ke7 51. Rh6 Bf6 52. Rh4 Kd6 53. Rb4 Rb7 54. Bd3 Kc5 55. Ke3 Be5 56. Bf5 f6 57. Bd3 Rb6 58. Bg6 Rb7 59. Be8 Rb6 60. Bd7 Rb7 61. Kd3 Rxd7 62. Rh4 Rg7 63. Kc2 Rg2+ 64. Kb1 f5 65. Rh5 Rf2 66. Rh4 Bd6 67. Kc1 f4 68. Kb1 f3 69. Rd4 Rf1+ 70. Kc2 f2 71. Kd2 Re1 72. b4+ Kc6 73. Rh4 f1Q 74. Rh8 Rd1+ 75. Kc2 Qe2# 0-1

[Event "AUT-ch Vor3 Internet"]
[Site "Playchess.com INT"]
[Date "2020.04.17"]
[Round "5"]
[White "Leisenberger, Harald"]
[Black "Ardelt, Hannes"]
[Result "1-0"]
[WhiteElo "2144"]
[BlackElo "1732"]
[PlyCount "83"]
[EventDate "2020.04.17"]
[EventType "swiss (blitz)"]
[EventRounds "9"]
[EventCountry "AUT"]
[SourceTitle "CBM 195 Extra"]
[Source "ChessBase"]
[SourceDate "2020.05.31"]
[SourceVersion "1"]
[SourceVersionDate "2020.05.31"]
[SourceQuality "1"]

1. d4 g6 2. Nf3 Bg7 3. Bg5 f6 4. Bf4 d6 5. h3 b6 6. Nbd2 Bb7 7. e4 Nd7 8. Bc4 a6 9. a4 Nf8 10. 0-0 e6 11. Re1 Qd7 12. Qe2 Ne7 13. e5 fxe5 14. dxe5 d5 15. Bd3 c6 16. a5 b5 17. b4 Qc7 18. Nb3 Nd7 19. Bg5 Qd8 20. Qe3 0-0 21. Nc5 Nxc5 22. Qxc5 Rf7 23. Nd4 Bc8 24. Nxc6 Qf8 25. Nxe7+ Kh8 26. Nc6 Qe8 27. Nd4 h6 28. Bd2 Kh7 29. Qc3 Qf8 30. Re2 Bd7 31. Qb2 Rc8 32. Rae1 Qe7 33. c3 Rcf8 34. Nb3 Qh4 35. Nc5 Rxf2 36. Nxd7 Rxe2 37. Rxe2 Rf7 38. Nf6+ Bxf6 39. exf6 Rxf6 40. Qc1 h5 41. Qe1 Qxe1+ 42. Rxe1 1-0